000 00579nam a2200169Ia 4500
003 Ost
005 20260303110353.0
008 260303s9999||||xx |||||||||||||| ||und||
040 _cfsic
041 _aara
082 _a 070.43
100 _aالنويس،عبد الله
_eمؤلف
245 0 _aوسائل الإعلام في دولة الإمارات العربية المتحدة /
_cالنويسعبد الله
260 _a[دون مكان] :
_bشركة أبو ضبي ،
_c[دون تاريخ]
300 _a291 صفحة،
_bخرائط صور
_c24 سم.
942 _cكتاب
999 _c37423
_d37423